Quick Pick: Count to 20 in Esperanto Quiz Stats

 Plays Quiz Updated Jun 10, 2018

Challenge
Share
Tweet
Embed
Score 0/20 Timer 01:30
0 Plays Today
% Correct
tri
92.4%
du
89.1%
unu
85.8%
sep
85.2%
dek tri
84.1%
ses
82.8%
dek du
82.8%
naŭ
81.9%
dek
81.8%
dek naŭ
81.6%
% Correct
dek sep
80.9%
dek kvin
80.4%
dek ses
79.8%
ok
79.8%
dek kvar
78.4%
dek unu
77.8%
dudek
77.7%
dek ok
77.4%
kvin
74.1%
kvar
73.9%

Today's Daily Dose

Missing Word
Hayao Miyazaki

Word Ladder
Florida

On This Day
December 13th II

You're not logged in!

Compare scores with friends on all Sporcle quizzes.
OR
Log In

You Might Also Like...

Show Comments

Extras

Top Quizzes Today


Score Distribution

Your Account Isn't Verified!

In order to create a playlist on Sporcle, you need to verify the email address you used during registration. Go to your Sporcle Settings to finish the process.

Report this User

Report this user for behavior that violates our Community Guidelines.

Details: